[Event "Ruhrgebiet VL2 0001"]
[Site "Ruhrgebiet"]
[Date "2001.03.18"]
[Round "7"]
[White "Zimmer, Detlef"]
[Black "Slowik, Martin"]
[Result "0-1"]
[WhiteElo "1499"]
[BlackElo "1955"]
[PlyCount "116"]
[EventDate "2000.09.17"]
[EventType "team-tourn"]
[EventRounds "9"]
[EventCountry "GER"]
[SourceTitle "EXT 2023"]
[Source "ChessBase"]
[SourceDate "2022.10.05"]
[SourceVersion "1"]
[SourceVersionDate "2022.10.05"]
[SourceQuality "1"]
[WhiteTeam "Hoentrop SG"]
[BlackTeam "Holsterhausen"]
[WhiteTeamCountry "GER"]
[BlackTeamCountry "GER"]

1. b3 Nf6 2. Bb2 d5 3. e3 e6 4. Nf3 Be7 5. h3 c5 6. Nc3 Nc6 7. Bb5 0-0 8. d4 Bd7 9. dxc5 Bxc5 10. a3 Rc8 11. b4 Be7 12. Bd3 Nxb4 13. axb4 Bxb4 14. Qd2 Qc7 15. Rxa7 Qb6 16. Ra1 Qc5 17. Ne5 Bxc3 18. Bxc3 Qxc3 19. Qxc3 Rxc3 20. 0-0 Bc6 21. Ra7 Ne8 22. f4 Nd6 23. Re1 Rd8 24. Rd1 g6 25. g3 Re8 26. Ng4 Kg7 27. Rda1 f6 28. Ra8 Rxa8 29. Rxa8 h5 30. Nf2 Ne4 31. Nd1 Rc5 32. Bxe4 dxe4 33. c3 Rd5 34. Ra1 Rd2 35. Rb1 Rd3 36. Kf2 Rd2+ 37. Kg1 Kf8 38. g4 Ke7 39. Kf1 hxg4 40. hxg4 Kd6 41. Ke1 Rg2 42. Rb4 Rxg4 43. Kf2 Rh4 44. Kg3 Rh1 45. Nb2 Rc1 46. Rd4+ Kc5 47. Rc4+ Kd6 48. Rd4+ Ke7 49. Rc4 Bd5 50. Rc7+ Kd6 51. Rg7 Rxc3 52. Rxg6 Rxe3+ 53. Kh4 Re2 54. Na4 e3 55. Rxf6 Rh2+ 56. Kg3 Rg2+ 57. Kh3 e2 58. Nc3 e1Q 0-1